Loading...
| Fine Arts - Classical Music | 0 | 7 | 0 | 2 | 70 | 48 | 126.86 | 0 | 1 |
| Fine Arts - Other Fine Arts | 0 | 5 | 0 | 0 | 50 | 100 | 127.40 | 0 | 0 |
| Literature - British Literature | 0 | 3 | 0 | 0 | 30 | 99 | 124.33 | 0 | 0 |
| Literature - European Literature | 0 | 3 | 1 | 2 | 25 | 137 | 150.67 | 0 | 0 |
| History - American History | 0 | 2 | 1 | 0 | 15 | 97 | 104.50 | 0 | 0 |
| Literature - World Literature | 0 | 2 | 2 | 0 | 10 | 116 | 132.00 | 0 | 0 |
| Fine Arts - Painting & Sculpture | 0 | 1 | 0 | 1 | 10 | 149 | 149.00 | 0 | 0 |
| Geography | 0 | 1 | 0 | 0 | 10 | 74 | 74.00 | 0 | 1 |
| History - European History | 0 | 1 | 0 | 1 | 10 | 145 | 145.00 | 0 | 0 |
| Literature - American Literature | 0 | 1 | 2 | 1 | 0 | 149 | 149.00 | 0 | 0 |